| 000 | 01111nam a2200229Ia 4500 | ||
|---|---|---|---|
| 003 | Ost | ||
| 005 | 20260507075019.0 | ||
| 008 | 260507s9999||||xx |||||||||||||| ||und|| | ||
| 020 | _a995342750x | ||
| 040 | _cfsecg | ||
| 041 | _aara | ||
| 082 | _a346.07 | ||
| 100 |
_aبوذياب، سليمان _eمؤلف |
||
| 245 | 0 |
_aمبادئ القانون التجاري : _bالتجارة والتاجر-المؤسسة التجارية - النظرية العامة للشركات. / _c سليمان بوذياب |
|
| 260 |
_aبيروت: _bالمؤسسة الجامعية, _c2003 |
||
| 300 |
_a294 صفحة؛ _c24 سم |
||
| 520 | _aتعريف القانون التجاري وتطوره ومصادره-التجارة والتاجر-المؤسسة التجارية-العقود الواردة على المؤسسة التجارية-الأحكام العامة للشركات-ملحق:النصوص التشريعية المتعلقة بمواضيع هذا الكتاب | ||
| 653 | _aالشركات | ||
| 653 | _aالقانون التجاري | ||
| 653 | _aالمؤسسات التجارية | ||
| 942 | _cكتاب | ||
| 999 |
_c42251 _d42251 |
||